Normal view
MARC view
- Aguirre Dugua, Maribel
Entry Nombre Personal
001 - NUMERO DE CONTROL
- campo de control: 52255
003 - IDENTIFICADOR DE NUMERO DE CONTROL
- campo de control: DLC
005 - FECHA Y HORA DE LA ÜLTIMA TRANSACCIÓN
- campo de control: 20240606122531.0
008 - DATOS DE LONGITUD FIJA
- campo de control de longitud fija: 070214n| azannaabn |a aaa c
010 ## - NÚMERO DE CONTROL DE LA BIBLIOTECA DEL CONGRESO
- Número de control LC: no2007017114
035 ## - NUMERO DE CONTROL
- Número de control: (OCoLC)oca07329231
040 ## - FUENTE DE CATALOGACIÓN
- Agencia original de catalogación: MX-GjU
- Lenguaje de catalogación: spa
- Description conventions: rda
- Agencia de transcripción: MX-GjU
- Agencia que lo modifica: DLC
- Agencia que lo modifica: MX-MxUPN
100 1# - ENCABEZAMIENTO - NOMBRE PERSONAL
- Nombre personal: Aguirre Dugua, Maribel
377 ## - LENGUA ASOCIADA
- Language code: spa
400 1# - VEÁSE - NOMBRE DE PERSONA
- Personal name: Dugua, Maribel Aguirre
400 1# - VEÁSE - NOMBRE DE PERSONA
- Personal name: Aguirre D., Maribel
- Fuller form of name: (Aguirre Dugua)
670 ## - FUENTE EN LA QUE SE LOCALIZARON DATOS
- Cita de la fuente: A un año de distancia ..., 2004 :
- Información localizada: portada (Maribel Aguirre Dugua)
670 ## - FUENTE EN LA QUE SE LOCALIZARON DATOS
- Cita de la fuente: Monitoreo, evaluación y política pública de derechos humanos en México, 2015:
- Información localizada: portada (Maribel Aguirre D.) cubierta (Maribel Aguirre Dugua)
902 ## - CATALOGADOR
- Catalogador: VíctorGodinez/060624
